| 000 | 00478nam a22001817a 4500 | ||
|---|---|---|---|
| 003 | OSt | ||
| 005 | 20250425151003.0 | ||
| 008 | 250425b |||||||| |||| 00| 0 eng d | ||
| 020 | _a9781598571868 | ||
| 040 | _cRDA | ||
| 100 |
_aBenasich,April A., _eAuthor _9753044 |
||
| 245 | _aDevelopment Dyslexia | ||
| 260 |
_aLondon _bBrookes Publications _c2012 |
||
| 300 | _axxiv,347 | ||
| 650 | _2Neurobehavioral | ||
| 700 |
_aFitch,R. Holly., _eEditor _9753045 |
||
| 942 |
_2CC _cGB _n0 |
||
| 999 |
_c1309405 _d1309405 |
||